000 00357nab a22001097u 4500
008 130520b2008 xxu||||| |||| 00| 0 spa d
041 _aspa
100 1 _aAmmicht-Quinn, Regina
_958666
245 0 0 _aNosotros y "los otros": en lugar de una introducción
_cRegina Ammicht-Quinn
773 0 _tConcilium
_gnº324,2008,págs. 9-14
_x0210-1041
_wRev134
942 _cAR
999 _c383951
_d383951